Extradition Act, 1992 (Act 479) & Akta Ekstradisi, 1992 (Akta 479) : (Record no. 4320)
[ view plain ]
| 000 -LEADER | |
|---|---|
| fixed length control field | nam a22 a 4500 |
| 003 - CONTROL NUMBER IDENTIFIER | |
| control field | AKMAL |
| 005 - DATE AND TIME OF LATEST TRANSACTION | |
| control field | 20170529082545.0 |
| 008 - FIXED-LENGTH DATA ELEMENTS--GENERAL INFORMATION | |
| fixed length control field | 170529s1992 my 00 eng d |
| 020 ## - INTERNATIONAL STANDARD BOOK NUMBER | |
| International Standard Book Number | 9678904861 (pbk.): |
| Terms of availability | Rgt. 12.50 |
| 040 ## - CATALOGING SOURCE | |
| Original cataloging agency | AKMAL |
| 082 04 - DEWEY DECIMAL CLASSIFICATION NUMBER | |
| Classification number | 345.595052 EXT |
| 090 ## - LOCALLY ASSIGNED LC-TYPE CALL NUMBER (OCLC); LOCAL CALL NUMBER (RLIN) | |
| Classification number (OCLC) (R) ; Classification number, CALL (RLIN) (NR) | 345.595052 |
| Local cutter number (OCLC) ; Book number/undivided call number, CALL (RLIN) | EXT |
| 110 ## - MAIN ENTRY--CORPORATE NAME | |
| Corporate name or jurisdiction name as entry element | Malaysia |
| 9 (RLIN) | 400 |
| 240 1# - UNIFORM TITLE | |
| Uniform title | Akta Ekstradisi, 1992. |
| Language of a work | English |
| 245 10 - TITLE STATEMENT | |
| Title | Extradition Act, 1992 (Act 479) & Akta Ekstradisi, 1992 (Akta 479) : |
| Remainder of title | as at 25th. August 1998 / |
| Statement of responsibility, etc. | compiled by Legal Research Board |
| 260 ## - PUBLICATION, DISTRIBUTION, ETC. | |
| Place of publication, distribution, etc. | Kuala Lumpur : |
| Name of publisher, distributor, etc. | International Law Book Services, |
| Date of publication, distribution, etc. | 1998 |
| 300 ## - PHYSICAL DESCRIPTION | |
| Extent | iii, 85p. ; |
| Dimensions | 24cm |
| 500 ## - GENERAL NOTE | |
| General note | Teks sejajar bahasa Inggeris dan bahasa Melayu |
| 599 ## - LOCAL NOTE | |
| Local Note | DALAM PROSES |
| 650 ## - SUBJECT ADDED ENTRY--TOPICAL TERM | |
| Topical term or geographic name entry element | Extradition |
| General subdivision | Law and legislation |
| 9 (RLIN) | 8414 |
| 650 ## - SUBJECT ADDED ENTRY--TOPICAL TERM | |
| Topical term or geographic name entry element | Criminal procedure |
| Geographic subdivision | Malaysia |
| 9 (RLIN) | 3883 |
| 942 ## - ADDED ENTRY ELEMENTS (KOHA) | |
| Source of classification or shelving scheme | |
| Koha item type | Book |
| Withdrawn status | Lost status | Source of classification or shelving scheme | Damaged status | Not for loan | Collection code | Home library | Current library | Shelving location | Date acquired | Inventory number | Total Checkouts | Full call number | Barcode | Date last seen | Price effective from | Koha item type |
|---|---|---|---|---|---|---|---|---|---|---|---|---|---|---|---|---|
| NON-FICTION | AKMAL Melaka | AKMAL Melaka | PINJAMAN | 29.05.2017 | 304069 | 345.595052 EXT | 201706168 | 29.05.2017 | 29.05.2017 | Book | ||||||
| NON-FICTION | AKMAL Melaka | AKMAL Melaka | PINJAMAN | 29.05.2017 | 304070 | 345.595052 EXT | 201706167 | 29.05.2017 | 29.05.2017 | Book | ||||||
| NON-FICTION | AKMAL Melaka | AKMAL Melaka | PINJAMAN | 29.05.2017 | 304071 | 345.595052 EXT | 201706166 | 29.05.2017 | 29.05.2017 | Book |
